000 01062nam a2200313 i 4500
001 73415
003 ES-MaACL
005 20250720041556.0
007 t|
008 041008s2002 sp |||| | spa d
017 _aM 9447-1986
020 _a8495889153
040 _cES-MaACL
080 _a913(460.27M.)(0:82)
080 _a821.134.2.09"18/19"
100 0 _aLacarta, Manuel
_969333
_eaut
245 1 0 _aMadrid y sus literaturas :
_bdel Modernismo y la generación del 98 a nuestros días /
_cManuel Lacarta
260 _aMadrid :
_bEl Avapiés,
_c[2002]
300 _a351 páginas ;
_c21 cm.
490 1 _aColección Avapiés ;
_v18
650 1 4 _aLiteratura española-
_yS.XIX-
_xHistoria y crítica
_914568
650 7 _aLiteratura española-
_yS.XX-
_xHistoria y crítica
_9141686
651 7 _aMadrid-
_xEn la literatura
_9138069
830 0 _aAvapiés
_v18
_9178596
852 _aES-MaACL
_jL-28213
_cDEPO2
_xEncuadernación rústica con solapas
942 _cMONOGRAFIA
_n0
999 _c73415
_d73415